Statistics for Counties of Albania

Click here to take the quiz!

General Stats

  • This quiz has been taken 257 times
  • The average score is 7 of 12

Answer Stats

County % Correct
Tiranë
79%
Durrës
76%
Fier
68%
Shkodër
66%
Vlorë
66%
Elbasan
64%
Berat
63%
Korçë
58%
Gjirokastër
53%
Kukës
50%
Lezhë
50%
Dibër
42%

Score Distribution

Percentile by Number Answered

Percent of People with Each Score

Your Score History

You have not taken this quiz